[Event "Tournoi francophone 018F"]
[Site "Skype"]
[Date "????.??.??"]
[Round "9.3"]
[White "Ortis, Yves"]
[Black "Maccaferri, Massimo"]
[Result "0-1"]
[WhiteElo "1134"]
[BlackElo "1052"]
[PlyCount "110"]

1. c4 e5 2. Nc3 c6 3. e3 Bb4 4. Ne4 d5 5. cxd5 cxd5 6. Ng3 Nc6 7. a3 Bc5 8. b4
Bd6 9. Bb5 a6 10. Ba4 b5 11. Bb3 d4 12. Bd5 Bd7 13. Qc2 Rc8 14. Qb3 Nh6 15. h3
Qe7 16. Nf3 Be6 17. e4 Bxd5 18. Qxd5 Qe6 19. O-O Ne7 20. Qxe6 fxe6 21. d3 O-O
22. Ng5 Rf6 23. Nh5 Rg6 24. Bd2 Bc7 25. a4 Bd8 26. axb5 axb5 27. Ra6 Nc6 28.
Rc1 Bxg5 29. Bxg5 Rxg5 30. Ng3 Ne7 31. Rca1 Rf8 32. Rxe6 Ng6 33. Rb6 Nf4 34.
Re1 Nxd3 35. Rf1 Nxb4 36. Rxb5 Nc6 37. Rb6 Rg6 38. Rc1 Ne7 39. Rb5 Nf7 40. Nf5
Nxf5 41. exf5 Rf6 42. g4 e4 43. Rb4 Rd8 44. Re1 d3 45. Rbxe4 g6 46. fxg6 Ng5
47. R4e3 Nf3+ 48. Kf1 Nxe1 49. gxh7+ Kxh7 50. Re7+ Kg6 51. Kxe1 d2+ 52. Kd1
Rxf2 53. Re6+ Kf7 54. Rc6 Rf1+ 55. Ke2 d1=Q+ 0-1

[Event "Tournoi francophone 018F"]
[Site "Skype"]
[Date "????.??.??"]
[Round "9.4"]
[White "Tolaro, Filippa"]
[Black "Montilla Bejarano, Mey"]
[Result "0-1"]
[WhiteElo "1199"]
[BlackElo "1088"]
[PlyCount "74"]

1. Nf3 Nf6 2. d4 e6 3. b3 b6 4. Bb2 Bb7 5. e3 c5 6. Bd3 Be7 7. O-O O-O 8. Ne5
d6 9. Nf3 Nc6 10. dxc5 bxc5 11. c4 Nd7 12. Nbd2 Nb4 13. Be4 Rb8 14. Bxb7 Rxb7
15. Ne4 Qc7 16. a3 Nc6 17. Qd2 Rxb3 18. Qc1 Rfb8 19. Rb1 Qb6 20. Nfd2 Rxb2 21.
Rxb2 Qxb2 22. Qxb2 Rxb2 23. f4 f5 24. Ng3 Rxd2 25. Rb1 Nf6 26. Rb7 Kf8 27. Rc7
Nd8 28. Rxa7 Rd1+ 29. Kf2 Ng4+ 30. Kf3 Nxh2+ 31. Ke2 Rb1 32. a4 Rb2+ 33. Kd3
Rxg2 34. Nh5 Nc6 35. Ra8+ Kf7 36. Rc8 Nb4+ 37. Kc3 g6 0-1

[Event "Tournoi francophone 018F"]
[Site "Skype"]
[Date "????.??.??"]
[Round "9.5"]
[White "Colangelo, Michele"]
[Black "Gerbaux, Regis"]
[Result "0-1"]
[WhiteElo "1158"]
[BlackElo "1072"]
[PlyCount "40"]

1. e4 c6 2. Bc4 d5 3. exd5 cxd5 4. Bb3 Nf6 5. d4 e6 6. Nf3 Nbd7 7. c4 Ne4 8.
cxd5 exd5 9. Bxd5 Qa5+ 10. Nc3 Nxc3 11. bxc3 Qxd5 12. O-O Nf6 13. Re1+ Be6 14.
Ne5 Be7 15. Qa4+ b5 16. Qc2 O-O 17. Bg5 Rac8 18. Bxf6 Bxf6 19. Nf3 Rfe8 20. h3
b4 0-1